A critical Misunderstanding: Islam and Dialogue in the Human sciences /

Salvato in:
Dettagli Bibliografici
Autore principale: Hassan Zaidi, Ali
Natura: testo
Soggetti:
Tags: Aggiungi Tag
Nessun Tag, puoi essere il primo ad aggiungerne!!

MARC

LEADER 00000 a a2200000 04500
001 8840
003
040
100 |a Hassan Zaidi, Ali  
245 |a A critical Misunderstanding:   |b Islam and Dialogue in the Human sciences /  |c Ali Hassan Zaidi  
650 |a CONOCIMIENTO  
650 |a HERMENEUTICA  
650 |a ISLAM  
650 |a TEORIA SOCIAL  
773 |g volumen 22, número 4; páginas 411-434  
999 |c 21127  |d 21127